000 00282nam a2200109Ia 4500
008 190913s9999||||xx |||||||||||||| ||und||
100 _aE.C. Pettet
245 0 _a Introduction and Line to Line The Merchant Of Venice
260 _aIndia
_bS.Chand
_c1991
300 _a620
942 _cBK
999 _c8080
_d8080